[Event "Top 12 FRA-chT 2017"]
[Site "Chartres"]
[Date "2017.05.21"]
[Round "4"]
[White "Sokolov, Andrei"]
[Black "Battaglini, Gabriel"]
[Result "1/2-1/2"]
[WhiteElo "2519"]
[BlackElo "2475"]
[Annotator "TA"]
[PlyCount "59"]
[EventDate "2017.??.??"]
[EventType "team-tourn"]
[EventCountry "FRA"]
[SourceTitle "playchess.com"]
[Source "ChessBase"]
[SourceQuality "1"]
[WhiteTeam "Mulhouse Philidor"]
[BlackTeam "Tremblay-En-France"]

{[%evp 15,59,14,21,10,9,6,15,7,8,22,14,0,0,0,0,0,45,40,42,28,57,59,83,72,72,62,140,113,195,28,28,34,34,41,34,42,35,37,42,0,33,0,34,0,34,0]} 1. e4 e6 2. d4 d5 3. Nd2 Nc6 4. Ngf3 Nf6 5. e5 Nd7 6. Nb3 Be7 7. Bb5 a5 8. a4 Na7 9. Be2 {C04: French Tarrasch: 3...Nc6} b6 10. h4 {[%cal Bh2h4,Bh4h5,Bh5h6][%mdl 32]} (10. O-O c5 11. Bf4 Bb7 12. Qd2 h6 13. c3 Qc8 14. dxc5 Nxc5 15. Nbd4 Ba6 16. Qe3 Bxe2 17. Nxe2 {0-1 (49) Korneev,O (2580)-Bortnyk,O (2567) Tashkent 2017}) 10... c5 11. h5 {The position is equal.} Nc6 12. h6 $146 ({Predecessor:} 12. Bb5 Na7 13. Rh3 Nxb5 14. axb5 Bb7 15. Be3 a4 {1-0 (47) Hanley,C (2435)-Berry,N (2300) Sunningdale 2007}) 12... g6 13. c3 O-O 14. O-O cxd4 15. cxd4 Nb4 16. Be3 f6 17. Rc1 Bb7 18. Bb5 Ba6 19. Bxa6 Rxa6 20. exf6 Bxf6 (20... Nxf6 $14 21. Ng5 Qd6) 21. Qe2 $16 Nb8 (21... Ra8 $16) 22. Bg5 $2 (22. Bf4 $18) 22... Bxg5 $11 23. Qxe6+ Kh8 24. Nxg5 Qxg5 25. Rc8 {[%cal Rc8f8] [#]} Qxh6 26. Qf6+ (26. Rxb8 $5 Rxb8 27. Qe5+ Kg8 28. Qxb8+ Qf8 29. Qe5 $14) 26... Kg8 $1 {And now ...b5 would win.} 27. Qe6+ {[%mdl 1024] White has compensation.} (27. Rxb8 $5 Rxb8 28. Qe6+ Kg7 29. Qe5+ Kg8 30. Qxb8+ Qf8 31. Qe5 $11) 27... Kh8 $1 28. Qf6+ Kg8 $1 {[#] ...b5 is the strong threat.} 29. Qe6+ (29. Rxb8 $5 Rxb8 30. Qe6+ Kg7 31. Qe5+ Kg8 32. Qxb8+ Qf8 33. Qe5 $14) 29... Kh8 $1 30. Qf6+ {Precision: White = 49%, Black = 64%.} 1/2-1/2

[Event "Top 12 FRA-chT 2017"]
[Site "Chartres"]
[Date "2017.05.21"]
[Round "4"]
[White "Apicella, Manuel"]
[Black "Grollemund, Bertrand"]
[Result "1-0"]
[WhiteElo "2515"]
[BlackElo "2182"]
[Annotator "TA"]
[PlyCount "71"]
[EventDate "2017.??.??"]
[EventType "team-tourn"]
[EventCountry "FRA"]
[SourceTitle "playchess.com"]
[Source "ChessBase"]
[SourceQuality "1"]
[WhiteTeam "Grasse Echecs"]
[BlackTeam "Montpellier"]

{[%evp 15,70,41,54,18,31,20,29,6,18,0,8,0,0,-20,5,-4,0,-17,19,-7,18,7,11,0,12,-35,10,-93,-88,-100,-85,-99,-93,-121,-120,-116,76,63,82,70,67,69,57,0,86,92,79,64,159,167,487,493,485,480,462,458,29999]} 1. e4 g6 2. d4 Bg7 3. Nc3 d6 4. Be3 a6 5. Qd2 Nd7 6. h4 h5 7. Nh3 {B06: Modern Defence} b5 8. Ng5 c6 {LiveBook: 8 Games} (8... Ngf6 9. f3 Bb7 10. O-O-O e5 11. Kb1 O-O 12. d5 Qe7 13. Rg1 b4 14. Ne2 a5 15. g4 hxg4 16. fxg4 Nb6 17. Nc1 Nh7 18. Nxh7 Kxh7 {1-0 (31) Fedorchuk,S (2635)-Sethuraman,S (2640) Bastia 2015}) 9. Bd3 {White is slightly better.} Qc7 $146 ({Predecessor:} 9... Nb6 10. O-O Nf6 11. e5 Nh7 12. Nxh7 Rxh7 13. exd6 Qxd6 14. Ne4 Qd8 {1-0 (34) Del Pilar,R (2232)-Ganbold,O (2417) Los Angeles 2003}) 10. Ne2 (10. a4 $5 {[%cal Ra4b5]} Rb8 11. axb5 axb5 12. Ne2 $14) 10... Ngf6 11. f3 e5 12. c3 Bb7 13. O-O O-O 14. Rad1 c5 {[%cal Bc6c5,Bc5c4][%mdl 32]} 15. d5 c4 16. Bc2 Nh7 17. Kh1 Nc5 18. Rg1 Bc8 19. Rdf1 (19. b4 $5 {[%cal Rb4c5]} Na4 20. Bf2 $11) 19... Nf6 20. Ng3 Rb8 21. f4 {[#]} (21. b4 $11 {remains equal.} Na4 22. Kh2) 21... exf4 $1 $17 22. Bxf4 Ng4 23. Ne2 {[%cal Bg3e2,Be2d4,Bd4c6][%mdl 32]} a5 24. a3 Qb6 25. Nd4 {[#] With the idea Nc6.} b4 $2 (25... Bd7 $1 $17 {keeps the pressure on.}) 26. Nc6 $16 {[%cal Rc3b4]} bxc3 27. bxc3 Rb7 28. Bxd6 Re8 $1 29. Nxf7 ({White should play} 29. e5 $14) 29... Nxe4 (29... Rxf7 $11 30. Rxf7 Kxf7 31. Qf4+ Bf6) 30. Bxe4 Rxe4 31. Ng5 $36 {[%mdl 2048] White is more active.} Re3 (31... Bf5 $1 $14) 32. Rf3 {Hoping for Rxe3.} Bxc3 $2 (32... Re8 {is tougher.}) 33. Qc2 $18 ({Less strong is} 33. Rf8+ Kg7 $18) 33... Bf5 34. Rxf5 gxf5 35. Qxf5 {[%csl Gd6][%cal Rf5f8]} Re1 (35... Bf6 $18 36. Rf1 Re2 37. Qc8+ Bd8) 36. Qf8# {Precision: White = 29%, Black = 37%.} 1-0

[Event "Top 12 FRA-chT 2017"]
[Site "Chartres"]
[Date "2017.05.21"]
[Round "4"]
[White "Koziak, Vitali"]
[Black "Sharif, Mehrshad"]
[Result "1-0"]
[WhiteElo "2507"]
[BlackElo "2363"]
[Annotator "TA"]
[PlyCount "81"]
[EventDate "2017.??.??"]
[EventType "team-tourn"]
[EventCountry "FRA"]
[SourceTitle "playchess.com"]
[Source "ChessBase"]
[SourceQuality "1"]
[WhiteTeam "Bois-Colombes"]
[BlackTeam "Strasbourg"]

{[%evp 16,81,27,20,23,23,24,3,4,-3,-8,0,0,0,0,-9,-7,-10,-10,-10,14,35,14,11,11,14,15,11,11,8,31,0,74,91,87,47,45,50,83,81,65,72,65,58,58,59,62,57,55,46,49,49,49,49,49,49,56,58,66,66,70,69,69,69,71,63,29962,29963]} 1. Nf3 d5 2. d4 Nf6 3. c4 e6 4. Nc3 Be7 5. Bf4 O-O 6. e3 b6 7. Bd3 c5 {D37: Queen's Gambit Declined: 5 Bf4} 8. O-O (8. dxc5 bxc5 9. O-O Nc6 10. cxd5 exd5 11. Rc1 h6 12. h3 Be6 13. Bb5 Qb6 14. Qa4 Rfc8 15. Ne5 Nxe5 16. Bxe5 a6 17. Be2 Rd8 18. Bf3 Nd7 19. Bg3 Nf6 20. Rfd1 Rac8 21. Be5 Nd7 22. Bg3 Nf6 23. Be5 Nd7 24. Bg3 Nf6 {½-½ (24) Anand,V (2779)-Kramnik,V (2809) London 2016}) 8... Nc6 9. cxd5 {LiveBook: 6 Games} Nxd5 {The position is equal.} 10. Nxd5 exd5 11. dxc5 bxc5 12. e4 $146 ({Predecessor:} 12. Rc1 Be6 13. a3 Qb6 14. Qc2 h6 15. e4 dxe4 16. Bxe4 {½-½ (100) Iturrizaga Bonelli,E (2624)-Batsiashvili,N (2466) Benasque 2016}) 12... Nb4 13. exd5 Qxd5 14. Bb5 Qf5 15. Bg3 {Black must now prevent a3.} Be6 16. Qe2 Bf6 17. a3 Nd5 (17... a6 $5 {[%cal Ra6b5]} 18. Ba4 Nd3 $11) 18. Rac1 Rac8 19. Rfe1 Nf4 20. Qc2 {Hoping for Qxf5.} g5 21. Qxf5 Bxf5 22. Ne5 $36 {[%mdl 2048] White has good play.} Rfd8 23. Nc6 (23. h4 $5) 23... Nd3 {[#]} (23... Rxc6 $11 {keeps the balance.} 24. Bxf4 (24. Bxc6 Nd3 $17) 24... Rcc8) 24. Bxd3 $1 $16 Rxd3 25. Ne7+ Bxe7 $1 26. Rxe7 f6 27. h4 h6 28. Rxa7 Rb3 29. Rc7 (29. hxg5 {keeps more tension.} hxg5 30. Rc3 c4 31. Rxb3 cxb3 32. Bc7) 29... Rxc7 30. Bxc7 Rxb2 31. Rxc5 $14 {[%mdl 4096] Endgame KRB-KRB} Bd7 32. hxg5 hxg5 33. Bd8 Kf7 34. Rc7 Rd2 35. a4 {[%cal Ba3a4,Ba4a5][%mdl 32]} Rd6 {Threatening ...Ke8.} 36. Ra7 Ke6 37. a5 Bc8 38. Re7+ Kf5 39. Bb6 Ba6 40. Re3 Re6 $2 {[%mdl 8192] [#]} (40... Bb5 $14) 41. g4+ $1 {[%mdl 512] Precision: White = 66%, Black = 56%.} 1-0

[Event "Top 12 FRA-chT 2017"]
[Site "Chartres"]
[Date "2017.05.21"]
[Round "4"]
[White "Shoker, Samy"]
[Black "Nataf, Igor-Alexandre"]
[Result "1-0"]
[WhiteElo "2498"]
[BlackElo "2535"]
[Annotator "TA"]
[PlyCount "105"]
[EventDate "2017.??.??"]
[EventType "team-tourn"]
[EventCountry "FRA"]
[SourceTitle "playchess.com"]
[Source "ChessBase"]
[SourceQuality "1"]
[WhiteTeam "Bois-Colombes"]
[BlackTeam "Strasbourg"]

{[%evp 31,105,8,12,15,8,0,22,8,22,-20,14,0,0,0,28,-2,31,-43,-23,-15,-28,-33,-12,-22,0,-5,-9,0,0,-19,0,-13,-29,-23,-25,-83,-87,-102,0,-38,0,-24,0,0,0,0,0,0,0,0,0,0,23,25,23,28,50,30,30,50,633,581,596,588,502,455,1045,908,495,420,1488,1567,1264,1060,920,858]} 1. g3 g6 2. Bg2 Bg7 3. d3 e5 4. Nf3 d6 5. O-O Nf6 6. c4 O-O 7. Nc3 Nc6 8. Rb1 a5 9. a3 h6 10. b4 axb4 11. axb4 Be6 12. b5 Ne7 13. Bb2 Qd7 14. Re1 Bh3 15. Bh1 Ng4 16. Qb3 f5 {LiveBook: 6 Games. A26: English Opening vs King's Indian with ...Nc6 and d3} 17. c5+ (17. Ra1 Rab8 18. c5+ d5 19. e4 c6 20. exd5 cxd5 21. Nxe5 Nxe5 22. Nxd5 Nxd5 23. Rxe5 Bxe5 24. Qxd5+ Qxd5 25. Bxd5+ Kh7 26. Bxe5 Ra8 27. Rxa8 Rxa8 28. Bxb7 Ra5 29. Bc6 f4 30. gxf4 Ra2 31. b6 {1-0 (31) Eljanov,P (2742)-Nakamura,H (2741) Moscow 2010}) 17... Kh7 18. b6 $146 ({Predecessor:} 18. cxd6 cxd6 19. Nd2 f4 20. Bf3 Rad8 21. Nd5 Nxd5 22. Qxd5 Rf7 23. b6 Nf6 24. Qa5 {½-½ (56) Schneider,D (2425)-Zapata,A (2543) Buenos Aires 2003}) 18... dxc5 {The position is equal.} 19. bxc7 Qxc7 20. Ba1 Rab8 (20... c4 $5 21. dxc4 Rxa1 $1 {[%mdl 512]} 22. Rxa1 e4 $11) 21. Qb6 Qxb6 22. Rxb6 Nc8 (22... c4 $5) 23. Rb5 b6 (23... c4 $5) 24. Reb1 {[#]} (24. Nd5 $14) 24... e4 $1 $15 {[%mdl 512]} 25. dxe4 Nd6 $1 {[%csl LRb5,LRe4] [#]} 26. exf5 $1 {[%mdl 512]} Nxb5 (26... Bxc3 $5 27. Bxc3 Nxb5 28. fxg6+ Kxg6 29. Rxb5 Kh7 $15) (26... Nxf5 27. Rxb6) 27. fxg6+ Kh8 28. Nxb5 Bxa1 29. Rxa1 Ra8 30. Re1 Ra2 31. Bg2 Bxg2 32. Kxg2 Re8 33. h3 (33. Kf1 $11) 33... Nf6 $17 {[%mdl 1024] Black has strong compensation.} 34. Kf1 {[#]} Rea8 ({Black should try} 34... Re6 $1 $17 35. Nh4 Rb2) 35. Nc7 R8a7 (35... Rc8 $5 {[%cal Rc8c7]} 36. Ne6 Re8 $15) 36. Ne6 (36. Nb5 $5 {[%cal Rb5a7]}) 36... Ra1 (36... Re7 $5 {[%cal Re7e6]} 37. Nf4 c4 $11) 37. Ne5 Rxe1+ 38. Kxe1 $11 {[%mdl 4096] Endgame KRN-KNN} Kg8 39. Nf7 h5 40. Nh6+ Kh8 41. f4 c4 42. g4 hxg4 43. hxg4 c3 {Hoping for ...Ra1+.} 44. g7+ Rxg7 45. Nxg7 Ne4 $2 {[%mdl 8192] [#]} (45... Kxg7 $14 46. Nf5+ Kg6) 46. Kd1 $1 $18 Kxg7 {KN-KN} 47. Nf5+ Kf6 {intending ...Nf2+.} 48. Kc2 b5 (48... Ke6 $142 49. Ne3 b5) 49. Nd4 b4 50. Kb3 Ng3 (50... Nc5+ $142 51. Kc2 Ne4 52. g5+ Kf7) 51. e3 {White is clearly winning.} Nf1 52. Nc2 Nh2 53. g5+ {Precision: White = 45%, Black = 43%.} 1-0

[Event "Top 12 FRA-chT 2017"]
[Site "Chartres"]
[Date "2017.05.21"]
[Round "4"]
[White "Sebag, Marie"]
[Black "Vernay, Clovis"]
[Result "1-0"]
[WhiteElo "2488"]
[BlackElo "2501"]
[Annotator "TA"]
[PlyCount "73"]
[EventDate "2017.??.??"]
[EventType "team-tourn"]
[EventCountry "FRA"]
[SourceTitle "playchess.com"]
[Source "ChessBase"]
[SourceQuality "1"]
[WhiteTeam "Strasbourg"]
[BlackTeam "Bois-Colombes"]

{[%evp 14,73,39,27,59,33,32,40,40,35,35,43,31,31,72,69,66,36,60,20,54,58,72,76,80,69,127,86,124,115,116,126,126,135,125,135,345,297,302,220,317,341,343,347,320,333,757,738,693,616,902,531,522,521,517,506,1165,1138,1114,1086,1143,1132]} 1. e4 e6 2. d4 d5 3. Nd2 Nf6 4. e5 Nfd7 5. Bd3 c5 6. c3 Nc6 7. Ne2 a5 8. Nf3 h6 {C06: French Tarrasch: 3...Nf6 4 e5 Nfd7 5 Bd3 main lines} (8... a4 9. a3 Nb6 10. Be3 Nc4 11. Bxc4 dxc4 12. dxc5 Qxd1+ 13. Rxd1 Ra5 14. Ng3 Bxc5 15. Bxc5 Rxc5 16. Ne4 Ra5 17. Nd6+ {½-½ (17) Kindermann,S (2535)-Bunzmann,D (2537) Austria 2006}) 9. a4 $146 ({Predecessor:} 9. h4 a4 10. a3 Nb6 11. Rh3 Na5 12. Rg3 Nb3 13. Rb1 Nc4 14. Nf4 cxd4 15. cxd4 Bd7 16. Nh5 {1-0 (42) Jurkovic,A (2289)-Brumen,D (2359) Zagreb 2015}) 9... cxd4 10. cxd4 Nb4 {White is slightly better.} 11. Bb1 b6 12. O-O Ba6 13. Re1 b5 14. axb5 Bxb5 15. h4 {[%cal Bh2h4,Bh4h5][%mdl 32]} Nb6 16. Nc3 Bc6 17. b3 Be7 18. h5 Bd7 19. Nh2 Rc8 (19... Bf8 $14) 20. Re3 Qc7 21. Qg4 Bf8 22. Rf3 a4 23. bxa4 Nxa4 24. Bd2 Nb2 $2 (24... Nxc3 $16 {might work better.} 25. Rxc3 Nc6) 25. Ne2 Nc6 26. Qf4 Nd8 (26... f5 {was necessary.} 27. exf6 Qxf4 28. Nxf4 (28. Rxf4 gxf6 29. Rxf6 Nc4 $18) 28... gxf6) 27. Ba5 $18 Qc4 28. Bxd8 Kxd8 29. Qd2 Bb5 $2 (29... Na4 30. Bd3 Qb4 31. Qxb4 Bxb4 32. Rxf7 Nb2) 30. Qa5+ {White is clearly winning.} Rc7 31. Rxf7 Be7 32. Qb6 {White threatens Ra8+ and mate.} Na4 33. Qb8+ Rc8 34. Qa7 {[%csl Gf7][%cal Ra7e7]} Rc7 (34... Bd7 $142 35. Nf4 Qb4) 35. Qa8+ Rc8 {[#]} 36. Qa5+ $1 Kd7 {[#]} 37. Bd3 $1 {[%mdl 512] Precision: White = 84%, Black = 31%.} 1-0

[Event "Top 12 FRA-chT 2017"]
[Site "Chartres"]
[Date "2017.05.21"]
[Round "4"]
[White "Wirig, Anthony"]
[Black "Moucheroud, Jeremy"]
[Result "1-0"]
[WhiteElo "2486"]
[BlackElo "2197"]
[Annotator "TA"]
[PlyCount "61"]
[EventDate "2017.??.??"]
[EventType "team-tourn"]
[EventCountry "FRA"]
[SourceTitle "playchess.com"]
[Source "ChessBase"]
[SourceQuality "1"]
[WhiteTeam "Grasse Echecs"]
[BlackTeam "Montpellier"]

{[%evp 9,61,6,32,4,3,2,27,-12,0,0,0,0,5,-4,26,17,30,24,53,11,30,27,37,42,77,79,89,93,75,73,104,91,111,93,116,103,98,102,127,110,98,115,128,106,110,92,137,120,187,200,270,249,259,259]} 1. Nf3 d5 2. g3 c6 3. Bg2 Bg4 4. h3 Bxf3 5. Bxf3 e6 {LiveBook: 4 Games} 6. d3 {A07: Réti Opening: New York and Capablanca Systems} (6. d4 Bd6 7. c4 Nd7 8. O-O f5 9. Qb3 Rb8 10. cxd5 exd5 11. Qc2 Ne7 12. Nc3 O-O 13. e3 {0-1 (78) Fressinet,L (2687)-Kovalenko,I (2668) Almaty 2016}) 6... Bd6 7. e4 Nd7 8. Qe2 $146 {White has an edge.} ({Predecessor:} 8. Nd2 Ne7 9. d4 Qb6 10. c3 a5 11. a4 O-O 12. O-O f5 13. e5 Bc7 {0-1 (36) Gufeld,E-Vasiukov,E Soviet Union 1972}) 8... Ne7 9. Nd2 O-O 10. O-O Qc7 11. Bg2 a5 12. d4 {Threatening e5.} Qb6 13. c3 Qa6 14. Qh5 Nf6 15. Qd1 {[#] e5 is the strong threat.} Bc7 16. Re1 Rfe8 17. Bf1 Qa7 {[#]} 18. e5 $1 {[%cal Re5f6]} Nd7 19. Qh5 Nf8 20. Nf3 b5 21. h4 {[%cal Bh3h4,Bh4h5][%mdl 32]} Bd8 22. Bd3 b4 23. Qg4 Kh8 24. h5 h6 25. Qf4 Ng8 26. g4 Nh7 27. Qg3 Qd7 28. Kh1 Be7 (28... Ne7 $16 29. Rg1 Rg8 30. cxb4 axb4) 29. Rg1 $18 Ng5 30. Nxg5 hxg5 31. Bc2 {Precision: White = 65%, Black = 41%.} 1-0

[Event "Top 12 FRA-chT 2017"]
[Site "Chartres"]
[Date "2017.05.21"]
[Round "4"]
[White "Riff, Jean-Noel"]
[Black "Shchekachev, Andrei"]
[Result "1/2-1/2"]
[WhiteElo "2476"]
[BlackElo "2538"]
[Annotator "TA"]
[PlyCount "29"]
[EventDate "2017.??.??"]
[EventType "team-tourn"]
[EventCountry "FRA"]
[SourceTitle "playchess.com"]
[Source "ChessBase"]
[SourceQuality "1"]
[WhiteTeam "Mulhouse Philidor"]
[BlackTeam "Tremblay-En-France"]

{[%evp 14,15,8,11]} 1. e4 g6 2. d4 Bg7 3. Nc3 d6 4. Be3 a6 5. Nf3 Nf6 6. h3 O-O 7. Bd3 Nc6 {B08: Pirc Defence: Classical System} 8. O-O {LiveBook: 5 Games} {Predecessor:} e5 $146 9. Qd2 Nh5 10. dxe5 dxe5 11. Nd5 Be6 12. Bc4 Nf4 13. Rfd1 Bxd5 14. exd5 Ne7 15. Bb3 {0-1 (30) Nguyen,N (2634)-Onischuk,V (2612) Berlin 2015} 1/2-1/2

[Event "Top 12 FRA-chT 2017"]
[Site "Chartres"]
[Date "2017.05.21"]
[Round "4"]
[White "Marcelin, Cyril"]
[Black "Rambaldi, Francesco"]
[Result "0-1"]
[WhiteElo "2472"]
[BlackElo "2542"]
[Annotator "TA"]
[PlyCount "93"]
[EventDate "2017.??.??"]
[EventType "team-tourn"]
[EventCountry "FRA"]
[SourceTitle "playchess.com"]
[Source "ChessBase"]
[SourceQuality "1"]
[WhiteTeam "Saint Quentin"]
[BlackTeam "Nice Alekhine"]

{[%evp 20,93,-20,-14,-19,-2,0,0,0,-30,-27,-29,-25,-40,-33,-34,-22,-20,-24,-37,-22,-25,-27,-23,-8,-47,-16,-26,-11,-11,-7,-11,-11,-12,-12,-12,-12,-38,-12,-29,-26,-35,-30,-56,-26,-27,-27,-65,-28,-84,-84,-84,-30,-30,-35,-84,-84,-147,-101,-102,-103,-125,-165,-147,-91,-172,-172,-274,-83,-162,0,-301,-294,-385,-377,-361]} 1. e4 e6 2. d4 d5 3. Nc3 Nf6 4. exd5 exd5 5. Bg5 Be7 6. Bd3 Nc6 7. Nge2 Nb4 8. Ng3 {C01: French: Exchange Variation} (8. Bb5+ c6 9. Ba4 O-O 10. O-O h6 11. Bxf6 Bxf6 12. Ng3 a5 13. a3 Na6 14. Nce2 g6 15. c3 Qd6 {0-1 (56) Harikrishna,P (2753)-Wang,H (2717) Huaian 2016}) 8... h6 9. Bf4 Nxd3+ 10. Qxd3 O-O 11. O-O {LiveBook: 4 Games} Be6 12. Rae1 $146 ({Predecessor:} 12. Nd1 c5 13. dxc5 Bxc5 14. Ne3 Re8 15. Nef5 Ne4 16. Nd4 Qf6 17. Be3 Nxg3 18. hxg3 Bxd4 {½-½ (18) Schlechter,C-Rubinstein,A Bad Pistyan 1912}) 12... Qd7 13. Be5 Ng4 14. f4 {[#] Hoping for f5.} Nxe5 15. Rxe5 {Strongly threatening f5.} f6 $1 {[%cal Rf6e5]} 16. Re3 {Black must now prevent Rfe1.} Rfe8 17. Rfe1 Bf8 18. f5 Bf7 19. Rxe8 Rxe8 20. Rxe8 Qxe8 21. Kf2 c5 22. Nce2 Qa4 23. a3 c4 24. Qd2 b5 25. c3 a5 26. Qc1 b4 27. axb4 axb4 28. cxb4 Qxb4 29. Nc3 Bd6 30. Qd2 Qb8 {Black wants to play ...Bf4.} 31. Nce2 Be8 32. Qa5 Bc6 33. Qd2 Kh7 34. Kf3 (34. Nf1 $11) 34... Bd7 35. Kf2 Qb3 (35... Qb7 $17 36. Kg1 Qa7) 36. Nc3 $11 Qb7 $36 {[%mdl 2048] Black is pushing.} 37. Nce2 Qb8 38. Kf1 {[#]} (38. Qc2 $142) 38... h5 $1 {[%mdl 512]} 39. Nxh5 Bxf5 40. Nhg3 Bd3 {Threatens to win with ...Bf4.} 41. Kf2 Qb6 ({Better is} 41... f5 {And now ...f4 would win.} 42. Nh5 Bxe2 43. Qxe2 Qb6) 42. Kf3 (42. Nf1 $17) 42... Bc7 $19 43. Kf2 (43. b4 $142) 43... Bb8 $2 (43... Be5 $19 {is more deadly.} 44. Qc3 f5) 44. Kf3 (44. Nf1 $17) 44... Bc7 (44... Kg8 $142 45. Nc1 Bh7) 45. Kf2 Be5 46. Qc3 f5 47. Ke1 {Precision: White = 41%, Black = 48%.} 0-1

[Event "Top 12 FRA-chT 2017"]
[Site "Chartres"]
[Date "2017.05.21"]
[Round "4"]
[White "Sulava, Nenad"]
[Black "Relange, Eloi"]
[Result "1-0"]
[WhiteElo "2468"]
[BlackElo "2464"]
[Annotator "TA"]
[PlyCount "101"]
[EventDate "2017.??.??"]
[EventType "team-tourn"]
[EventCountry "FRA"]
[SourceTitle "playchess.com"]
[Source "ChessBase"]
[SourceQuality "1"]
[WhiteTeam "Nice Alekhine"]
[BlackTeam "Saint Quentin"]

{[%evp 12,101,22,13,33,22,25,21,33,46,61,54,60,65,86,66,61,59,101,74,156,145,341,226,243,235,227,227,240,266,318,277,280,269,293,298,327,323,334,314,300,297,296,283,344,312,299,321,353,354,345,347,325,314,358,375,402,396,389,383,422,422,452,422,422,422,415,354,415,409,415,403,572,572,1005,850,1120,995,928,958,932,504,915,911,5064,5057,4627,4649,4582,4627,1660,1625]} 1. Nf3 Nf6 2. d4 g6 3. c4 Bg7 4. Nc3 O-O 5. Bg5 d6 6. e3 h6 7. Bh4 e6 {E61: King's Indian: Early deviations for White, including Smyslov System} 8. h3 $146 ({Predecessor:} 8. Nd2 d5 9. Be2 c5 10. dxc5 d4 11. exd4 Qxd4 12. Bg3 Qxc5 13. Nb5 e5 14. O-O Nc6 15. Nc7 {1-0 (38) Filippov,V (2405)-Ragozin,E (2510) Vladivostok 1994}) 8... c5 9. Be2 cxd4 {The position is equal.} 10. Nxd4 a6 11. O-O Nc6 12. Rc1 Qe7 13. Qb3 Nxd4 14. exd4 Rb8 15. Bg3 e5 {[#]} (15... Ne8 $142) 16. c5 $1 $36 {[%cal Rc5d6][%mdl 2560] Strongly threatening cxd6. White is on the roll.} Nh5 $2 (16... Be6 $16 {might work better.} 17. cxd6 Qd8) (16... dxc5 17. dxe5) 17. cxd6 Qxd6 18. Bxh5 gxh5 {[#]} 19. dxe5 $1 Qg6 20. Nd5 Kh8 21. e6 Bxe6 22. Bxb8 Qg5 23. Bf4 Bxd5 {[%csl Gd5][%cal Rg5g2]} 24. Bxg5 Bxb3 25. axb3 hxg5 $18 {[%mdl 4096] Endgame KRR-KRB} 26. Rc5 Bf6 27. Rd1 Re8 28. Kf1 Kg7 29. Rd7 b5 30. Rcc7 Rf8 31. Ra7 Bxb2 32. Rxa6 b4 33. Rd5 f6 {[#]} 34. h4 $1 gxh4 35. Rxh5 Rc8 36. Rxh4 Rc1+ 37. Ke2 Bc3 38. Kd3 Kg6 39. Rb6 Rd1+ 40. Kc4 Rd2 41. Rg4+ Kh5 (41... Kf5 {was worth a try.}) 42. f3 {[%cal Bf2f3,Bf3g4][%mdl 32] White is clearly winning.} f5 43. Rg8 Rd4+ 44. Kc5 Rd7 45. g4+ fxg4 46. fxg4+ Kh4 47. Rxb4 Bxb4+ 48. Kxb4 Rb7+ 49. Kc3 Rc7+ 50. Kb2 Rb7 51. Rg6 {Precision: White = 78%, Black = 46%.} 1-0

[Event "Top 12 FRA-chT 2017"]
[Site "Chartres"]
[Date "2017.05.21"]
[Round "4"]
[White "Brunner, Nicolas"]
[Black "Le Borgne, Pierre"]
[Result "1/2-1/2"]
[WhiteElo "2459"]
[BlackElo "2234"]
[Annotator "TA"]
[PlyCount "49"]
[EventDate "2017.??.??"]
[EventType "team-tourn"]
[EventCountry "FRA"]
[SourceTitle "playchess.com"]
[Source "ChessBase"]
[SourceQuality "1"]
[WhiteTeam "Vandoeuvre"]
[BlackTeam "Lisieux"]

{[%evp 19,49,69,83,82,84,83,85,78,92,66,85,17,46,53,55,0,0,0,16,13,14,27,26,33,32,0,0,0,12,9,12,-333]} 1. d4 {[%cal Bd2d4,Bd4d5][%mdl 32]} g6 2. c4 Bg7 3. e4 d6 4. Nc3 Nc6 5. Be3 e5 6. d5 Nd4 7. Nge2 Nxe2 8. Bxe2 f5 9. exf5 gxf5 10. f4 {A42: Modern Defence: Averbakh Variation} (10. Bh5+ Kf8 11. f4 e4 12. c5 Nf6 13. O-O Bd7 14. Rc1 b6 15. cxd6 cxd6 16. a4 Rc8 17. Be2 h5 {1-0 (58) Kuzubov,Y (2639)-Rakhmanov,A (2610) Dubai 2014}) 10... Ne7 {LiveBook: 4 Games} 11. Qd2 $146 ({Predecessor:} 11. O-O O-O 12. g3 c5 13. dxc6 bxc6 14. Qd2 e4 15. Rfd1 d5 16. cxd5 cxd5 17. Nxd5 Nxd5 {½-½ (48) Novkovic,M (2376)-Dobosz,H (2409) Austria 2011}) 11... Ng6 12. fxe5 {White is better.} Bxe5 13. Bg5 Qd7 14. g3 O-O 15. Bd3 (15. O-O-O $16) 15... Bxc3 16. Qxc3 Re8+ 17. Be2 ({White should play} 17. Kd2 $14) 17... f4 $11 18. Bxf4 Qg4 {[%csl Ge8][%cal Rg4e2] [#]} (18... Qh3 $5 19. Be3 $8 Qg2 $11) 19. Be3 Qe4 20. Kd2 Bg4 21. Bxg4 Qxg4 22. b3 Re4 {The position is equal.} 23. Rae1 Ne5 {[#] White must now prevent ...Nf3+.} 24. Kc1 {next Bf4 is good for White.} Re8 {Strongly threatening ...Nf3.} 25. Kb1 $2 {[%mdl 40960] Precision: White = 51%, Black = 54%. . An unexpected result.} (25. Bd2 $11 {and White stays safe.}) 1/2-1/2